| 000 | 00383nam a22001457a 4500 | ||
|---|---|---|---|
| 003 | OSt | ||
| 008 | 210914b ||||| |||| 00| 0 eng d | ||
| 020 | _a9789387973558 | ||
| 082 |
_a630.9154 _bJAT/DR |
||
| 245 | _aDryland Horticulture | ||
| 260 |
_aNew Delhi _bNew India Publishing Agency _c2019 |
||
| 300 | _a642 | ||
| 700 |
_aJathav,M.K, Saroj,P.L ,Sharma ,B. D _95024 |
||
| 942 | _cBK | ||
| 999 |
_c17421 _d17421 |
||